RAN Bases & Establishments - Statistics

General Stats
  • This quiz has been taken 11 times
  • The average score is 11 of 17
Answer Stats
Hint Answer % Correct
HMAS Albatros
100%
QLD (HMAS) Cairns
100%
VIC (HMAS) Cerberus
100%
HMAS Creswell
100%
NSW Fleet Base east
100%
WA Fleet base west
100%
HMAS Penguin
100%
NT (HMAS) Coonawarra
50%
HMAS Harman
50%
HMAS Kuttabul
50%
HMAS Moreton
50%
ACT Navy HQ
50%
SA NHQ South Australia
50%
TAS NHQ Tasmania
50%
HMAS Stirling
50%
HMAS Waterhen
0%
HMAS Watson
0%
No matching quizzes found
Score Distribution
Percent of People with Each Score
Percentile by Number Answered
Your Score History
You have not taken this quiz